Pokemon Attacken der 2. Generation - Statistiken

Allgemein
  • Dieses Quiz wurde 262 mal gespielt
  • Das Durchschnittsergebnis liegt bei 38 aus 86
Antwortstatistiken
Typ Attacke % Korrekt
Geist Spukball
83%
Unlicht Knirscher
77%
Stahl Eisenschweif
75%
Feuer Flammenrad
74%
Wasser Whirlpool
70%
Eis Eissturm
66%
Stahl Stahlflügel
66%
Drache Wutanfall
66%
Drache Feuerodem
64%
Pflanze Gigasauger
64%
Boden Lehmschelle
64%
Eis Pulverschnee
64%
Gestein Walzer
64%
Boden Intensität
62%
Wasser Regentanz
62%
Feuer Sonnentag
62%
Unlicht Finte
60%
Feuer Läuterfeuer
60%
Elektro Blitzkanone
58%
Elektro Funkensprung
58%
Geist Groll
58%
Gestein Sandsturm
58%
Drache Windhose
58%
Kampf Wuchtschlag
57%
Geist Nachtmahr
55%
Psycho Spiegelcape
55%
Käfer Zornklinge
55%
Kampf Kreuzhieb
53%
Flug Luftstoß
53%
Gift Matschbombe
53%
Normal Milchgetränk
51%
Normal Charme
49%
Boden Stachler
49%
Käfer Vielender
49%
Geist Abgangsbund
47%
Geist Fluch
47%
Kampf Scanner
47%
Normal Schutzschild
47%
Kampf Zertrümmerer
47%
Kampf Dreifachkick
45%
Stahl Metallklaue
45%
Unlicht Raub
45%
Psycho Seher
45%
Unlicht Verfolgung
43%
Normal Anziehung
40%
Pflanze Baumwollsaat
40%
Normal Kraftreserve
40%
Gestein Antik-Kraft
38%
Wasser Octazooka
38%
Käfer Spinnennetz
38%
Pflanze Synthese
38%
Normal Schlafrede
36%
Normal Schnarcher
36%
Kampf Tempohieb
36%
Normal Umwandlung2
36%
Normal Angeberei
34%
Normal Lockduft
34%
Normal Nachahmer
34%
Normal Turbodreher
34%
Normal Zielschuss
34%
Normal Abgesang
32%
Normal Bodyguard
32%
Normal Mondschein
32%
Normal Rückkehr
32%
Normal Gesichte
30%
Normal Frustration
28%
Normal Geschenk
28%
Normal Grimasse
28%
Unlicht Prügler
28%
Normal Psycho-Plus
28%
Normal Turbotempo
28%
Normal Bitterkuss
26%
Normal Horrorblick
26%
Boden Knochenhatz
26%
Normal Zugabe
26%
Normal Vitalglocke
25%
Normal Ausdauer
23%
Normal Morgengrauen
23%
Normal Trugschlag
23%
Kampf Gegenschlag
21%
Normal Leidteiler
21%
Normal Willensleser
21%
Kampf Überwurf
19%
Normal Bauchtrommel
17%
Normal Staffette
15%
Normal Dreschflegel
13%
Keine übereinstimmenden Quizze gefunden
Verteilung der Resultate
Anzahl Personen mit jedem Resultat
Perzentil nach korrekt beantworteten Fragen
Ihre Resultats-Entwicklung
Sie haben dieses Quiz noch nicht gespielt